| 000 | 00613nam a22001817a 4500 | ||
|---|---|---|---|
| 003 | OSt | ||
| 005 | 20251121095806.0 | ||
| 008 | 251121b |||||||| |||| 00| 0 eng d | ||
| 020 | _a981-274-631-5 | ||
| 040 |
_aDWC-Main lib. _cOC |
||
| 082 | _aCirc. 510.72 Y94b 2010 | ||
| 100 | _aYuwen, Tan | ||
| 245 |
_aBe great at mathematics : _ba must-have companion to secondary 1 mathematics/ _cTan Yuwen |
||
| 260 |
_aSingapore : _bSingapore Asian Publications, _cc2010. |
||
| 300 |
_a292 pages : _billustrations ; _c26 cm. |
||
| 650 | _a1. Mathematics--Problems, exercises, etc. | ||
| 942 |
_2ddc _cBK-CIRC _hCirc. _n0 |
||
| 999 |
_c5963 _d5963 |
||